| 000 | 01086nam a22003257a 4500 | ||
|---|---|---|---|
| 003 | CHAP | ||
| 005 | 20220329143640.0 | ||
| 008 | 101117s1995 ve a r 00010 spa d | ||
| 010 | _a99829 | ||
| 011 | _a100801 | ||
| 035 | _a111487 | ||
| 040 | _cCHAP | ||
| 090 | _aFolleto 17851 | ||
| 100 | 1 |
_aTortolero, Juan J. _9114328 |
|
| 245 | 1 | 0 |
_aPropagación del cacao : _binjerto de parche, guía práctica para productores _c/por Juan J. Tortolero y Pedro A. Zánchez |
| 260 |
_aMaracay, Ven. : _bFONAIAP, _c1995 |
||
| 300 |
_ahoja desplegable : _bilus. |
||
| 590 |
_aBATCH-UPD _b10 _c20130110 _lUCH01 _h1153 |
||
| 590 |
_aBATCH-UPD _b10 _c20130410 _lUCH01 _h0737 |
||
| 590 |
_aBATCH-UPD _b10 _c20130914 _lUCH01 _h0804 |
||
| 590 |
_aCONVERSION _b10 _c20130109 _lUCH01 _h1355 |
||
| 650 | 1 | 4 |
_aCacao _xInjertos. _916951 |
| 650 | 1 | 4 |
_aCacao _xInvestigación. _916952 |
| 650 | 1 | 4 |
_aCacao _xMejoramiento. _916955 |
| 650 | 1 | 4 |
_aCacao _xPropagación. _916968 |
| 700 | 0 |
_aSánchez, Pedro A. _9107961 |
|
| 901 | _aBK | ||
| 942 | _cFOLL | ||
| 949 |
_aFolleto 17851 _bBC _cFOLL _d33724002125926 _eTS1 _i111487 _sb |
||
| 999 |
_c99829 _d99829 |
||